|
|
|
|
| LEADER |
01038nam a22003012a 4500 |
| 001 |
000927582 |
| 003 |
CZ BrMZK |
| 005 |
20090121092802.0 |
| 007 |
ta |
| 008 |
090121s1979 xo er|||||||||||slo d |
| 040 |
|
|
|a BOA001
|b cze
|
| 080 |
9 |
|
|a 519.2(075.8)
|
| 080 |
9 |
|
|a 378.633
|
| 100 |
1 |
|
|a Pacáková, Viera,
|d 1947-
|7 jx20071201018
|4 aut
|
| 245 |
1 |
0 |
|a Teória štatistiky a pravdepodobnosti.
|n Časť 1.,
|p Pravdepodobnosť /
|c Viera Pacáková, E. Rublíková
|
| 246 |
3 |
0 |
|a Pravdepodobnosť
|
| 250 |
|
|
|a 1. vyd.
|
| 260 |
|
|
|a Bratislava :
|b Vysoká škola ekonomická,
|c 1979
|
| 300 |
|
|
|a 68 s.
|
| 490 |
1 |
|
|a Vysokoškolské skriptá
|
| 700 |
1 |
|
|a Rublíková, Eva,
|d 1947-
|7 mzk2007377644
|4 aut
|
| 830 |
|
0 |
|a Vysokoškolské skriptá
|
| 910 |
|
|
|a BOA001
|b 4-0840.977
|
| 964 |
|
|
|a Pravděpodobnost - teorie - učebnice - školy vysoké
|
| 964 |
|
|
|a Statistická teorie - učebnice - školy vysoké
|
| 990 |
|
|
|a BK
|
| 991 |
|
|
|b 200901
|
| 996 |
7 |
|
|b 2619299450
|c 4-0840.977
|l MZK
|r Sklad / do 1 hodiny
|n 3
|w 000927582
|u 000010
|a 1
|e BOA001
|j MZK50
|s A
|